Statistics for German Logo-Quiz #1

Click here to take the quiz!

General Stats

  • This quiz has been taken 79 times
  • The average score is 12 of 20

Answer Stats

Answer% Correct
Adidas
93%
Audi
91%
Aldi Süd
85%
Deutsche Telekom
82%
DHL
79%
Lufthansa
79%
Edeka
76%
Saturn
76%
Tui
74%
ProSieben
69%
Deutsche Bank
56%
E.ON
56%
ING DiBa
56%
Würth
49%
Bosch
47%
Commerzbank
41%
Evonik
28%
RWE
21%
Thyssenkrupp
18%
BASF
13%

Score Distribution

Percentile by Number Answered

Percent of People with Each Score

Your Score History

You have not taken this quiz